000
00375nam a2200145Ia 4500
008
231129s2001||||xx |||||||||||||| ||spa||
020
_a
84-7720-865-4
040
_b
spa
082
_a
U813 F533m
100
_a
Fisher Robert
245
0
_a
Mira hacia atras y riete
260
_c
2001
264
_a
Ediciones Obelisco
942
_2
ddc
_c
BKS
999
_c
21239
_d
21239